<?xml version="1.0" encoding="UTF-8"?>
<record
    xmlns:xsi="http://www.w3.org/2001/XMLSchema-instance"
    xsi:schemaLocation="http://www.loc.gov/MARC21/slim http://www.loc.gov/standards/marcxml/schema/MARC21slim.xsd"
    xmlns="http://www.loc.gov/MARC21/slim">

  <leader>01852cam a2200277 i 4500</leader>
  <controlfield tag="001">17521934</controlfield>
  <controlfield tag="003">OSt</controlfield>
  <controlfield tag="005">20210505115132.0</controlfield>
  <controlfield tag="008">121107s2013    nyua          000 0 eng  </controlfield>
  <datafield tag="010" ind1=" " ind2=" ">
    <subfield code="a">  2012041752</subfield>
  </datafield>
  <datafield tag="020" ind1=" " ind2=" ">
    <subfield code="a">0395706971</subfield>
  </datafield>
  <datafield tag="040" ind1=" " ind2=" ">
    <subfield code="a">DLC</subfield>
    <subfield code="b">eng</subfield>
    <subfield code="c">DLC</subfield>
    <subfield code="e">rda</subfield>
    <subfield code="d">DLC</subfield>
  </datafield>
  <datafield tag="042" ind1=" " ind2=" ">
    <subfield code="a">pcc</subfield>
  </datafield>
  <datafield tag="050" ind1="0" ind2="0">
    <subfield code="a">PN4784.B75.L77</subfield>
  </datafield>
  <datafield tag="082" ind1="0" ind2="0">
    <subfield code="a">808/.066607</subfield>
    <subfield code="2">23</subfield>
  </datafield>
  <datafield tag="245" ind1="1" ind2="0">
    <subfield code="a">Listening to America: twenty-five years in the life of a nation as heard on National Public Radio. /</subfield>
    <subfield code="c">Edited by Linda Wertheimer</subfield>
  </datafield>
  <datafield tag="260" ind1=" " ind2=" ">
    <subfield code="a">New York:</subfield>
    <subfield code="b">Houghton Mifflin,</subfield>
    <subfield code="c">1995.</subfield>
  </datafield>
  <datafield tag="300" ind1=" " ind2=" ">
    <subfield code="a">xxiii, 438 p. :</subfield>
    <subfield code="b">ill.;</subfield>
  </datafield>
  <datafield tag="500" ind1=" " ind2=" ">
    <subfield code="a">Includes index.</subfield>
  </datafield>
  <datafield tag="505" ind1=" " ind2=" ">
    <subfield code="a">Contents: 1971 All things considered goes on the air -- 1972 NPR listeners reflect on the stat to the union -- 1973 Remembering LBJ -- 1974  Nixon resigns  -- 1975 Celebrating Elvis and Amadeus -- 1976 America turns two hundred -- 1977 A radio lady salutes Mary Tyler Moore -- 1978 Congress debates the Panama Canal Treaty -- 1979 A nuclear accidental at Three Mile Island -- 1980 Lauren Bacall on life with and without Bogey -- 1981 President Reagan takes office -- 1982 A new disease among gay men -- 1983 Vertamae Grosvenor on developing Daufusckie Island -- 1984 Brave New Year's resolutions -- 1985 Defending Flint, Michigan -- 1986 Challenger explodes -- 1987 Living and dying with AIDS -- 1988 Sex and politics -- 1989 HIV and teenagers -- 1990 South Africans learning to live with majority rule -- 1991 Lithuania tries for independence -- 1992 Flying pigs -- 1993 Bad old movies -- 1994 An earthquake in Los Angeles -- </subfield>
  </datafield>
  <datafield tag="650" ind1=" " ind2="0">
    <subfield code="a">Broadcast journalism.</subfield>
  </datafield>
  <datafield tag="650" ind1=" " ind2="0">
    <subfield code="a">Reporters and reporting.</subfield>
  </datafield>
  <datafield tag="906" ind1=" " ind2=" ">
    <subfield code="a">7</subfield>
    <subfield code="b">cbc</subfield>
    <subfield code="c">orignew</subfield>
    <subfield code="d">1</subfield>
    <subfield code="e">ecip</subfield>
    <subfield code="f">20</subfield>
    <subfield code="g">y-gencatlg</subfield>
  </datafield>
  <datafield tag="942" ind1=" " ind2=" ">
    <subfield code="2">lcc</subfield>
    <subfield code="c">BK</subfield>
  </datafield>
  <datafield tag="999" ind1=" " ind2=" ">
    <subfield code="c">7563</subfield>
    <subfield code="d">15063</subfield>
  </datafield>
  <datafield tag="952" ind1=" " ind2=" ">
    <subfield code="0">0</subfield>
    <subfield code="1">0</subfield>
    <subfield code="2">ddc</subfield>
    <subfield code="4">0</subfield>
    <subfield code="7">0</subfield>
    <subfield code="a">WIUC-KL</subfield>
    <subfield code="b">WIUC-KL</subfield>
    <subfield code="c">GEN</subfield>
    <subfield code="d">2019-11-05</subfield>
    <subfield code="l">0</subfield>
    <subfield code="o">PN4784.B75.L77</subfield>
    <subfield code="p">K/1334/1334/19</subfield>
    <subfield code="r">2021-05-05 00:00:00</subfield>
    <subfield code="w">2021-05-05</subfield>
    <subfield code="y">BK</subfield>
  </datafield>
</record>
